| 000 | 00532nam a22002057a 4500 | ||
|---|---|---|---|
| 003 | BUBTL | ||
| 008 | 240812b ||||| |||| 00| 0 eng d | ||
| 020 | _a9789843516992 | ||
| 041 | _aeng | ||
| 082 | _a346.07/ R1293b/ 2024 | ||
| 100 |
_92144 _aRahman, Khaledur |
||
| 245 |
_aBusiness Law _cKhaledur Rahman |
||
| 250 | _a3rd ed | ||
| 260 |
_aDhaka: _bLaw Palace, _cc2024 |
||
| 300 |
_axlviii, 608 p.: _c21 cm. |
||
| 650 | 0 |
_926 _aLaw |
|
| 856 |
_k0 _l0 _yDownload |
||
| 942 |
_2ddc _cBK |
||
| 999 |
_c7345 _d7345 |
||